Diccionario técnico-marítimo: inglés-español y español-inglés

Salvato in:
Dettagli Bibliografici
Ente Autore: Headquarters United States Navy Forces Southern Command (Autore)
Natura: Libro
Lingua:spagnolo
inglese
Pubblicazione: Headquarters United States Navy Forces Southern Command 1966
Soggetti:
Tags: Aggiungi Tag
Nessun Tag, puoi essere il primo ad aggiungerne!!

MARC

LEADER 00000nam a2200000 a 4500
001 UCG2415
003 CL-VaPUC
008 100708e19660100us |||||||||||||||||spa|d
041 0 7 |a spa  |2 CL-VaPUC 
041 0 7 |a eng  |2 CL-VaPUC 
082 0 4 |a 623.04  |b HEA  |2 21 
110 2 |a Headquarters United States Navy Forces Southern Command  |e author  |9 550927 
245 1 0 |a Diccionario técnico-marítimo: inglés-español y español-inglés 
300 |a 234 p 
942 |c BK 
945 |d 20100708 00:00:00  |a dcastane 
260 |b Headquarters United States Navy Forces Southern Command  |c 1966 
650 0 |a Diccionarios  |9 256200 
650 0 |a Mar  |9 357500 
650 0 |a Navegación marítima   |9 344305 
650 0 |a Transporte marítimo  |9 260127 
650 0 |a Arquitectura naval  |9 261969 
650 7 |a NAVES NAUTICAS  |2 CL-VaPUC  |9 405488 
583 |a last modification  |c 20140805 10:28:25  |k Rodrigo Vera 
999 |c 341630  |d 341628